Statistiques concernant Les Simpson - Couleurs (2)

Cliquez ici pour prendre le quiz!

Statistiques générales

  • Ce quiz a été pris 95 fois
  • Le résultat moyen est 6 sur 10

Statistiques - réponses

QuestionRéponse% Correct
Quelles sont les couleurs respectives du chien et du chat de la famille ?marron et noir
93%
Quelles sont les couleurs de la tenue de Duffman ?rouge et bleu
93%
Quelle couleur est commune dans le duo Homer / Marge ?son jean / ses cheveux
90%
De quelles couleurs sont respectivement les deux voitures des Simpson ?rose et rouge
74%
Quelles sont les deux couleurs principales du skate board de Bart ?vert et orange
52%
Quelles sont les couleurs de la tenue du vendeur de BD ?bleu et rouge
51%
Qu'est-ce qui est de la même teinte de couleur chez Krusty ?ses cheveux et son pantalon
41%
De quelles couleurs est la combinaison de ski de Ned Flanders lorsqu'il dit à Homer que c'était comme s'il n'avait "rien sur la peau" ?rouge et bleue
40%
Quelles sont les couleurs de la table de chevet près du canapé dans le salon-TV de la maison ?violette et bleue
36%
De quelle couleur sont respectivement le fauteuil et le canapé dans le deuxième salon de la maison ?vert et marron
20%

Distribution des résultats

Percentile par nombre de réponses

% des personnes avec chaque résultat

Votre développement - résultats

Vous n’avez pas pris ce quiz